A maverick war : Chennault and the Flying Tigers /

Bibliographic Details
Main Author: Schultz, Duane P.
Format: Book
Language:English
Published: New York : St. Martin's Press, [1987]
Edition:1st ed.
Subjects:

MARC

Tag First Indicator Second Indicator Subfields
LEADER 00000cam a22000008a 4500
001 in00000007742
005 20190225092113.0
008 870129s1987 nyuaf 00010 eng
010 |a  87004460  
020 |a 0312006187 :  |c $18.95 
035 |a (OCoLC)15196906 
035 |9 AAA0072AM 
040 |a DLC  |c DLC  |d m/c  |d TXA  |d UtOrBLW 
043 |a n-us--- 
050 0 0 |a D790  |b .S338 1987 
100 1 |a Schultz, Duane P. 
245 1 2 |a A maverick war :  |b Chennault and the Flying Tigers /  |c by Duane Schultz. 
250 |a 1st ed. 
264 1 |a New York :  |b St. Martin's Press,  |c [1987] 
264 4 |c ©1987 
300 |a 335 pages, 16 unnumbered pages of plates :  |b illustrations 
336 |a text  |b txt  |2 rdacontent 
337 |a unmediated  |b n  |2 rdamedia 
338 |a volume  |b nc  |2 rdacarrier 
500 |a "A Thomas Dunne book." 
500 |a The Cushing Library/Ragan Military copy is 22 cm and is a gift of Ann, Fred, and Tracie Burns for the Major Curtis Burns '52 Aviation Collection. 
610 1 0 |a United States.  |b Army Air Forces.  |b Air Force, 14th  |x History. 
600 1 0 |a Chennault, Claire Lee,  |d 1893-1958. 
650 0 |a World War, 1939-1945  |x Aerial operations, American. 
999 |a MARS 
999 f f |s b42b71a3-856b-3fb7-924c-a1020347195e  |i ded34ddc-5690-3809-b785-efcc67a6c96a  |t 0 
952 f f |p noncirc  |a Texas A&M University  |b College Station  |c Cushing Memorial Library & Archives  |d Cushing: Ragan Military (Does not check out)  |t 0  |e D790 .S338 1987  |h Library of Congress classification  |i unmediated -- volume  |m A14852659334 
952 f f |p normal  |a Texas A&M University  |b College Station  |c Sterling C. Evans Library  |d Evans: Library Stacks  |t 0  |e D790 .S338 1987  |h Library of Congress classification  |i unmediated -- volume  |m A14812603188 
998 f f |a D790 .S338 1987  |t 0  |l Cushing: Ragan Military (Does not check out) 
998 f f |a D790 .S338 1987  |t 0  |l Evans: Library Stacks